000 00276nam a22001337a 4500
008 170426b xxu||||| |||| 00| 0 eng d
020 _a9780822053187
041 _aeng
080 _a54
100 _a12
101 _aSHM
245 _aCHEMISTRY
_cNATHAN.H
942 _2udc
_cBK
999 _c12064
_d12064